<?xml version="1.0" encoding="UTF-8"?>
<collection xmlns="http://www.loc.gov/MARC21/slim">
<record>
  <controlfield tag="001">2621</controlfield>
  <controlfield tag="005">20160701171708.0</controlfield>
  <datafield tag="037" ind1=" " ind2=" ">
    <subfield code="a">ASTROimport-778</subfield>
  </datafield>
  <datafield tag="100" ind1=" " ind2=" ">
    <subfield code="a">Levenhagen, R. S.</subfield>
  </datafield>
  <datafield tag="260" ind1=" " ind2=" ">
    <subfield code="c">2007</subfield>
  </datafield>
  <datafield tag="245" ind1=" " ind2=" ">
    <subfield code="a">Metallicity vs. Be Phenomenon Relation in the Solar Neighborhood</subfield>
  </datafield>
  <datafield tag="520" ind1=" " ind2=" ">
    <subfield code="a">Fast rotation seems to be the mayor factor to trigger the Be phenomenon. Surface fast rotation can be favored by initial formation conditions, such as abundance of metals. We have observed 118 Be stars up to the apparent magnitudes V=9 mag. Models of fast rotating atmospheres and evolutionary tracks were used to interpret the stellar spectra and to determine the stellar fundamental parameters. Since the studied stars are formed in regions that are separated enough to imply some non negligible gradient of galactic metallicity, we study the effects of possible incidence of this gradient on the nature as rotators of the studied stars. </subfield>
  </datafield>
  <datafield tag="700" ind1=" " ind2=" ">
    <subfield code="a"> Leister, N. V.</subfield>
  </datafield>
  <datafield tag="700" ind1=" " ind2=" ">
    <subfield code="a"> Zorec, J.</subfield>
  </datafield>
  <datafield tag="700" ind1=" " ind2=" ">
    <subfield code="a"> Frémat, Y.</subfield>
  </datafield>
  <datafield tag="773" ind1=" " ind2=" ">
    <subfield code="p">Active OB-Stars: Laboratories for Stellare and Circumstellar Physics</subfield>
    <subfield code="v">361</subfield>
    <subfield code="y">2007</subfield>
    <subfield code="c">457</subfield>
  </datafield>
  <datafield tag="856" ind1="4" ind2="2">
    <subfield code="a">http://esoads.eso.org/abs/2007ASPC..361..457L</subfield>
  </datafield>
  <datafield tag="905" ind1=" " ind2=" ">
    <subfield code="a">published in</subfield>
  </datafield>
  <datafield tag="980" ind1=" " ind2=" ">
    <subfield code="a">NONREF</subfield>
  </datafield>
</record>
</collection>